[Event "ITA-ch sf 83rd"]
[Site "Parma"]
[Date "2024.07.23"]
[Round "4"]
[White "Paduano, Claudio"]
[Black "Pulvirenti, Davide"]
[Result "1-0"]
[WhiteElo "2197"]
[BlackElo "1975"]
[PlyCount "87"]
[EventDate "2024.07.21"]
[EventType "swiss"]
[EventRounds "9"]
[EventCountry "ITA"]
[SourceTitle "CBM 221 Extra"]
[Source "ChessBase"]
[SourceDate "2024.09.30"]
[SourceVersion "1"]
[SourceVersionDate "2024.09.30"]
[SourceQuality "1"]

1. d4 e6 2. c4 Nf6 3. Nf3 Bb4+ 4. Nbd2 b6 5. a3 Bxd2+ 6. Qxd2 Bb7 7. e3 d5 8. b3 Nbd7 9. Bb2 0-0 10. Be2 Rc8 11. 0-0 Re8 12. Rfd1 Qe7 13. Rac1 dxc4 14. bxc4 Red8 15. a4 Qe8 16. a5 c5 17. Qe1 Bc6 18. Ne5 Nxe5 19. dxe5 Nd7 20. Rd6 Qe7 21. f4 Nf8 22. Rcd1 Ng6 23. Qd2 Re8 24. a6 Nh4 25. e4 Ng6 26. Qe3 Ba4 27. Ra1 Bc6 28. g3 Qc7 29. Rad1 Ne7 30. g4 Kh8 31. f5 Ng8 32. f6 g6 33. Qf4 Rcd8 34. R1d3 Rxd6 35. exd6 Qd7 36. Be5 Rd8 37. Rh3 Qe8 38. Qe3 Qf8 39. Rh4 h6 40. Bf4 Kh7 41. e5 Ba8 42. Qh3 Be4 43. Bxh6 Nxh6 44. g5 1-0